000 00224nam a2200097Ia 4500
008 170619s9999 xx 000 0 und d
100 _aLi Jei Jack
245 0 _aName Reactions
260 _bSpringer Link : New york
260 _c2007
546 _aENGLISH
999 _c18334
_d18334